Music Quiz

Random Music or Singers Quiz

Ed Sheeran Songs Quiz Stats

 Plays Quiz Updated Oct 7, 2017

Score 0/36 Timer 06:00
3 Plays Today
Song % Correct
Shape of You
84.6%
The A Team
82.9%
Castle on the Hill
78.6%
Perfect
78.3%
Lego House
72.6%
Thinking Out Loud
72.3%
Galway Girl
71%
Sing
67.5%
Don't
65.8%
Supermarket Flowers
64.5%
Photograph
63.9%
Dive
59.9%
Give Me Love
58.6%
Eraser
57.9%
Happier
57.2%
Small Bump
54.3%
New Man
54.2%
Drunk
52.3%
Song % Correct
Kiss Me
50.2%
One
49.6%
You Need Me, I Don't Need You
49.2%
Bloodstream
49.2%
Tenerife Sea
45.1%
How Would You Feel (Paean)
44.3%
Nina
44.3%
What Do I Know?
44%
U.N.I.
43.1%
I'm a Mess
40%
Afire Love
39.2%
Grade 8
38.1%
Hearts Don't Break Around Here
37.9%
Wake Me Up
36.9%
The Man
36.6%
The City
36.2%
This
34.2%
Runaway
32.3%

You're not logged in!

Compare scores with friends on all Sporcle quizzes.
OR
Log In

You Might Also Like...

Show Comments

Extras

Top Quizzes Today


Score Distribution

Your Account Isn't Verified!

In order to create a playlist on Sporcle, you need to verify the email address you used during registration. Go to your Sporcle Settings to finish the process.

Report this User

Report this user for behavior that violates our Community Guidelines.

Details: